مكتبة جامعة عجلون الوطنية

فهرس بحث المكتبة

مجلس البناء الوطني الأردني، وزارة الأشغال العامة والإسكان: كودة خزانات المياه الخرسانة (أحمال الزلازل والتأثيرات الدينامية الناتجة عنها) (Record no. 26441)

MARC details
000 -LEADER
fixed length control field 01296nam a2200229Ii 4500
003 - CONTROL NUMBER IDENTIFIER
control field JO-AjNU
008 - FIXED-LENGTH DATA ELEMENTS--GENERAL INFORMATION
fixed length control field 230605s9999||||xx |||||||||||||| ||und||
017 ## - COPYRIGHT OR LEGAL DEPOSIT NUMBER
Copyright or legal deposit number 2012/7/2736
040 ## - CATALOGING SOURCE
Original cataloging agency JO-AjNU
Language of cataloging ara
Description conventions rda
Transcribing agency JO-AjNU
041 ## - LANGUAGE CODE
Language code of text/sound track or separate title ara
050 14 - LIBRARY OF CONGRESS CALL NUMBER
Classification number TH420.J67.2013
100 3# - MAIN ENTRY--PERSONAL NAME
Personal name إعداد محمد مصطفى الحلواني، مراجعة جمال قطيشات وآخرون,
Relator term author
9 (RLIN) 51729
245 00 - TITLE STATEMENT
Title مجلس البناء الوطني الأردني، وزارة الأشغال العامة والإسكان: كودة خزانات المياه الخرسانة (أحمال الزلازل والتأثيرات الدينامية الناتجة عنها)
250 ## - EDITION STATEMENT
Edition statement ط1
264 31 - PRODUCTION, PUBLICATION, DISTRIBUTION, MANUFACTURE, AND COPYRIGHT NOTICE
Place of production, publication, distribution, manufacture عمان: الجمعية العلمية الملكية،مجلس البناء الوطني الأردني، 2013
300 ## - PHYSICAL DESCRIPTION
Extent م2، متعدد الترقيم
Other physical details يشتمل على ملاحق ويشتمل على المراجع والمصادرالببلوغرافية
336 ## - CONTENT TYPE
Content type term text
Content type code txt
Source rdacontent
337 ## - MEDIA TYPE
Media type term unmediated
Media type code n
Source rdamedia
338 ## - CARRIER TYPE
Carrier type term volume
Carrier type code nc
Source rdacarrier
490 0# - SERIES STATEMENT
Series statement كودات البناء الوطني الأردني 
650 #4 - SUBJECT ADDED ENTRY--TOPICAL TERM
Topical term or geographic name entry element المباني -- مواصفات معيارية -- الأردن -- الخرسان المسلح -- خزانات المياه
9 (RLIN) 51730
Holdings
Withdrawn status Lost status Source of classification or shelving scheme Damaged status Not for loan Home library Current library Shelving location Date acquired Total Checkouts Full call number Barcode Date last seen Price effective from Koha item type
    Library of Congress Classification     مكتبة جامعة عجلون الوطنية مكتبة جامعة عجلون الوطنية المراجع 06/06/2023   TH420.J67.2013 A22873 06/06/2023 06/06/2023 Reference